Costa Rica: evolución económica durante 1993

Guardat en:
Dades bibliogràfiques
Autor corporatiu: Naciones Unidas
Format: Text
Publicat: México D.F.: CEPAL
Etiquetes: Afegir etiqueta
Sense etiquetes, Sigues el primer a etiquetar aquest registre!

MARC

LEADER 00000 a a2200000 04500
001 25189
003
040
090 |a 180100  
110 |a Naciones Unidas  
245 |a Costa Rica: evolución económica durante 1993  
260 |a México D.F.:   |b CEPAL  
300 |a 41 p.   |b **no definido**  
999 |c 12615  |d 12615